000 00778nam a2200265Ia 4500
003 OSt
005 20220918185137.0
006 a|||||r|||| 00| 0
007 ta
008 220917b |||||||| |||| 00| 0 eng d
024 _a49,843
037 _cTextual
040 _aARTS
_cARTS
_beng
041 _2eng
_aeng
082 _aP:75, L6
100 _aSebeok Thomas A Ed.
245 0 _aSpeech surrogates
_b Drum and whistle systems
260 _aHague
_bMouton
_c1976
300 _axxiv,588p.
_ccm.
490 _aApproach to semiotics ed by Thomas A Sebeok; 23/1
650 _aLINGUISTICS
700 _a Umiker-Sebeok Donna Jean Ed.
_968004
942 _hP:75, L6
_cTEXL
_2CC
999 _c179443
_d179443